Statistiques concernant Disney paroles - Le Bleu Lumière

Cliquez ici pour prendre le quiz!

Statistiques générales

  • Ce quiz a été pris 2 138 fois
  • Le résultat moyen est 197 sur 232

Statistiques - réponses

HintRéponses% Correct
2 | 8 | 13 | +2 othersbleu
100%
1 | 168Le
100%
7 | 30 | 71 | +7 othersle
100%
63ce
99%
4 | 72 | 209ciel
99%
9 | 36 | 48 | +4 othersde
99%
16 | 41 | 43 | +4 othersje
99%
143 | 164Je
99%
10 | 68 | 173 | +2 othersla
99%
55 | 89 | 226me
99%
69 | 174 | 191 | 206mer
99%
11mer.
99%
44 | 165ne
99%
6 | 46 | 54 | 167pas
99%
14 | 78 | 215 | 228que
98%
3du
97%
27 | 141ma
97%
15moi
97%
193Moi
97%
5n'est
97%
113pour
97%
17préfère
97%
18 | 57sans
97%
189lumière
96%
65lumière.
96%
20savoir
96%
26à
95%
73 | 88 | 101 | +5 otherset
95%
21pourquoi.
95%
12Ce
94%
33 | 229j'ai
94%
38J'ai
94%
67 | 176
93%
204ou
93%
19vraiment
93%
74 | 192 | 211m'appelle
92%
49 | 53mes
92%
42reste
92%
76 | 137 | 185 | 213un
92%
60 | 145 | 147 | +2 othersles
91%
28terre
91%
79 | 177 | 216tous
91%
77 | 214trésor
91%
212cache
90%
75Cache
90%
58cesse
90%
47 | 51chacun
90%
50gestes
90%
80 | 178 | 217ignore
90%
45partirai
90%
56ramène
90%
62vers
90%
39beau
89%
23 | 35tant
89%
70 | 207touche
89%
40dire
88%
66 | 203L'horizon
88%
31 | 83 | 220vent
88%
25fidèle
87%
22J'aimerai
87%
59malgré
86%
61promesses
86%
24rester
86%
37fois.
85%
94l'eau
85%
99 | 103 | 149plus
85%
85 | 115 | 123 | 222qui
85%
86 | 223se
85%
32éphémère
83%
105 | 125Il
83%
29Oublier
82%
120oublier
82%
34essayé
81%
104haut.
81%
102toujours
81%
100loin
80%
108 | 128mon
79%
106 | 126faut
78%
111 | 131son
78%
112 | 132histoire
77%
109 | 129île
76%
98j'irai
76%
95Si
76%
107 | 127aimer
75%
87 | 224lève
75%
122 | 156temps
75%
81 | 218C'est
74%
84 | 221doucement
74%
117 | 135encore
74%
118y
73%
119croire
72%
90 | 227révèle
72%
97pars
71%
195veux
71%
138jour
70%
124passe
70%
142place
70%
233là-bas
68%
157mais
68%
152accompagner
67%
114ceux
67%
166comprends
67%
140trouverais
67%
232d'aller
66%
148rendre
66%
116veulent
66%
231droit
65%
134garder
65%
162tout
65%
154prendrai
64%
146guider
63%
158cette
62%
150grands
62%
181d'or
61%
179ses
61%
163autrement
60%
180reflets
60%
196voir
60%
159voix
60%
169soleil
59%
161pense
58%
172sur
58%
160cachée
57%
144peux
57%
136l'espoir
55%
175éternelle
54%
170vient
53%
171danser
52%
197derrière
51%
201nouveaux
51%
199nuages
51%
202rivages
51%
186tapis
51%
184sous
50%
182Elle
48%
183m'attend
40%

Distribution des résultats

Percentile par nombre de réponses

% des personnes avec chaque résultat

Votre développement - résultats

Vous n’avez pas pris ce quiz